K lehote na vykonanie daňovej kontroly a právne následky jej nedodržania

Lehoty v súvislosti so správou daní podľa zákona č. 563/2009 Z.z o správe daní a o zmene a doplnení niektorých zákonov. Ilustračné príklady.

Salvato in:
Dettagli Bibliografici
Autore principale: Jurčíková, Božena
Natura: Capitolo di libro
Lingua:slovacco
Soggetti:
Tags: Aggiungi Tag
Nessun Tag, puoi essere il primo ad aggiungerne!!

MARC

LEADER 00000naa a2200000 4500
001 0260100
005 20191204064751.1
041 0 |a slo 
044 |a SK 
245 1 0 |a K lehote na vykonanie daňovej kontroly a právne následky jej nedodržania  |c Božena Jurčíková 
520 |a Lehoty v súvislosti so správou daní podľa zákona č. 563/2009 Z.z o správe daní a o zmene a doplnení niektorých zákonov. Ilustračné príklady. 
610 2 0 |a poriadok daňový 
610 2 0 |a správa daňová 
610 2 0 |a kontrola daňová 
610 2 0 |a zákony 
610 2 0 |a Slovensko 
100 1 |a Jurčíková, Božena